000 00269nam a22001217a 4500
008 170713b xxu||||| |||| 00| 0 eng d
041 _aalb
080 _a038
100 _a23
101 _aFJA
245 _aFJALOR SHQIP - GREQISHT
_cKRISTOFORIDHIT,K
942 _2udc
_cBK
999 _c20466
_d20466